Agricultural exports booms and the rural poor in Chile, Guatemala, and Paraguay /
Zapisane w:
| 1. autor: | |
|---|---|
| Kolejni autorzy: | , |
| Format: | Texto |
| Hasła przedmiotowe: | |
| Etykiety: |
Dodaj etykietę
Nie ma etykietki, Dołącz pierwszą etykiete!
|
MARC
| LEADER | 00000 a a2200000 04500 | ||
|---|---|---|---|
| 001 | 43045 | ||
| 003 | |||
| 040 | |||
| 100 | |a Carter, Michael R. | ||
| 245 | |a Agricultural exports booms and the rural poor in Chile, Guatemala, and Paraguay / |c Michael R. Carter ; Bradford L. Barham ; Dina Mesbah | ||
| 650 | |a EXPORTACIONES | ||
| 650 | |a AGRICULTURA | ||
| 650 | |a POBREZA | ||
| 650 | |a ZONA RURAL | ||
| 650 | |a CRECIMIENTO ECONOMICO | ||
| 650 | |a INDICADORES ECONOMICOS | ||
| 650 | |a EMPLEO | ||
| 650 | |a MERCADO DE TRABAJO | ||
| 650 | |a MODELO ECONOMICO | ||
| 650 | |a AJUSTE ESTRUCTURAL | ||
| 650 | |a POLITICA ECONOMICA | ||
| 650 | |a MERCADO | ||
| 700 | |a Barham, Bradford L. | ||
| 700 | |a Mesbah, Dina | ||
| 773 | |g volumen31, número1, 1996, páginas 33-66 | ||
| 999 | |c 33614 |d 33614 | ||
